Library of the University of Algiers 3
Ibrahim Sultan Cheibout
شعار جامعة الجزائر 3
مكتبة جامعة الجزائر 3
إبراهيم سلطان شيبوط

الإدارة المعاصرة : (رقم التسجيلة. 45585)

تفاصيل مارك
000 -LEADER
fixed length control field 01167nam a2200229Ia 4500
003 - CONTROL NUMBER IDENTIFIER
control field Ost
005 - DATE AND TIME OF LATEST TRANSACTION
control field 20260507075650.0
008 - FIXED-LENGTH DATA ELEMENTS--GENERAL INFORMATION
fixed length control field 260507s9999||||xx |||||||||||||| ||und||
020 ## - INTERNATIONAL STANDARD BOOK NUMBER
International Standard Book Number ×146029957
040 ## - CATALOGING SOURCE
Transcribing agency fsecg
041 ## - LANGUAGE CODE
Language code of text/sound track or separate title ara
082 ## - DEWEY DECIMAL CLASSIFICATION NUMBER
Classification number 658
100 ## - MAIN ENTRY--PERSONAL NAME
Personal name الموسوي، سنان
Relator term مؤلف
245 #0 - TITLE STATEMENT
Title الإدارة المعاصرة :
Remainder of title الأصول والتطبيقات /
Statement of responsibility, etc. سنان الموسوي
260 ## - PUBLICATION, DISTRIBUTION, ETC.
Place of publication, distribution, etc. عمان:
Name of publisher, distributor, etc. دار المجدلاوي للنشر والتوزيع,
Date of publication, distribution, etc. 2004
300 ## - PHYSICAL DESCRIPTION
Extent 276 صفحة؛
Other physical details إيضاحات ؛
Dimensions 24 سم
504 ## - BIBLIOGRAPHY, ETC. NOTE
Bibliography, etc. note المراجع، ص272
520 ## - SUMMARY, ETC.
Summary, etc. ماهية الإدارة وعلاقتها بالعلوم الأخرى- الفكر الإداري وتطوره - الإدارة اليابانية ونظرية Z في الإدارة- التخطيط واتخاذ القرار- التنظيم الإداري مفهومه وأنواعه- السلطة والمسؤولية- القيادة- الإتصال الإداري- الحفز الإنساني- الرقابة- نظم المعلومات الإدارية.
653 ## - INDEX TERM--UNCONTROLLED
Uncontrolled term إدارة الأعمال
653 ## - INDEX TERM--UNCONTROLLED
Uncontrolled term الإدارة
942 ## - ADDED ENTRY ELEMENTS (KOHA)
Koha item type كتب

لا توجد مواد متاحة.

موارد الويب المفتوحة


© University of Algiers 3 All Rights Reserved
|
Implemented by LECHELAH Riad